مكتبة جامعة عجلون الوطنية

فهرس بحث المكتبة

Normal view MARC view
  • القيمة السوقية-المسؤولية الاجتماعية-الشركات الصناعية

Entry Topical Term

Number of records used in: 1

001 - CONTROL NUMBER

  • control field: 61295

003 - CONTROL NUMBER IDENTIFIER

  • control field: JO-AjAnu

005 - DATE AND TIME OF LATEST TRANSACTION

  • control field: 20230606084021.0

008 - FIXED-LENGTH DATA ELEMENTS

  • fixed length control field: 230606|| aca||aabn | a|a d

040 ## - CATALOGING SOURCE

  • Original cataloging agency: JO-AjAnu
  • Transcribing agency: JO-AjAnu

150 ## - HEADING--TOPICAL TERM

  • Topical term or geographic name entry element: القيمة السوقية-المسؤولية الاجتماعية-الشركات الصناعية

670 ## - SOURCE DATA FOUND

  • Source citation: Work cat.: (JO-AjAnu)31266: إعداد الصمادي، معاذ بسام عطا؛ اشراف علي عبدالله الزعبي, author 61294, اثر المسؤولية الاجتماعية على القيمة السوقية في الشركات الصناعية المدرجة في بورصة عمان: نوع الصناعة كمتغير معدل = The Impact of Social Responsibility on the Market Value for Listed Industrial Companies at Amman Stock Exchange - Industry Type as a Moderating Variable